[Event "KSU 75th anniversary tournament"]
[Site "Copenhagen"]
[Date "2002.02.09"]
[Round "1"]
[White "Hector, Jonny"]
[Black "Hoi, Carsten"]
[Result "1-0"]
[WhiteElo "2507"]
[BlackElo "2409"]
[PlyCount "111"]
[EventDate "2002.02.??"]
[EventType "tourn"]
[EventRounds "9"]
[EventCountry "DEN"]
[SourceDate "2002.02.09"]

1. e4 g6 2. d4 Bg7 3. Nc3 c6 4. f4 d5 5. e5 h5 6. Nf3 Nh6 7. Be3 Bg4 8. Bd3 Nf5
9. Bf2 e6 10. h3 Bxf3 11. Qxf3 h4 12. O-O Nd7 13. b3 Bf8 14. Ne2 Be7 15. c4 Nb6
16. Rfc1 Kf8 17. c5 Nd7 18. b4 a6 19. a4 Kg7 20. Kh2 Qc7 21. Ng1 b6 22. Qe2
bxc5 23. bxc5 a5 24. Rab1 f6 25. Nf3 fxe5 26. fxe5 Rab8 27. Rxb8 Rxb8 28. Bxf5
exf5 29. Bxh4 Bxh4 30. Nxh4 Nf6 31. Qe1 Ne4 32. Rb1 Rxb1 33. Qxb1 Qe7 34. Nf3
g5 35. g3 Qf7 36. Qb8 g4 $11 37. e6 Qxe6 38. Qc7+ Qf7 39. Qxf7+ Kxf7 40. Ne5+
Ke6 41. Nxc6 Nc3 42. h4 Nxa4 43. Nxa5 Nc3 44. Nc6 Ne2 45. Kg2 Kd7 46. Kf2 Nc3
47. Ne5+ Ke6 48. c6 Nb5 49. Ke3 Kf6 50. Nd3 Ke7 51. Ne5 Kf6 52. Kd3 Ke6 53. h5
Kf6 54. h6 Nc7 55. Kc3 Ne6 56. Kb4 1-0

[Event "KSU 75th anniversary tournament"]
[Site "Copenhagen"]
[Date "2002.02.09"]
[Round "1"]
[White "Jakobsen, Ole"]
[Black "Sahl, Bjarke"]
[Result "1/2-1/2"]
[WhiteElo "2405"]
[BlackElo "2406"]
[PlyCount "63"]
[EventDate "2002.02.??"]
[EventType "tourn"]
[EventRounds "9"]
[EventCountry "DEN"]
[SourceDate "2002.02.09"]

1. d4 Nf6 2. c4 c5 3. e3 g6 4. Nf3 Bg7 5. dxc5 Na6 6. Nc3 Nxc5 7. Be2 a5 8. O-O
a4 9. Nd4 O-O 10. Bd2 d6 11. Be1 Qb6 12. Rb1 e5 13. Nc2 Be6 14. Kh1 Rfd8 15.
Nd5 Nxd5 16. cxd5 Bd7 17. f3 f5 18. Na3 Rf8 19. Bc3 Rf7 20. Qd2 Re8 21. Nc4 Qc7
22. Ba5 Qb8 23. Bb6 e4 24. f4 Nd3 25. Qa5 Bf8 26. Bc7 Qa8 27. Qb6 Qa6 28. Qxa6
bxa6 29. Nxd6 Bxd6 30. Bxd6 Bb5 31. Ba3 Bc4 32. d6 1/2-1/2

[Event "KSU 75th anniversary tournament"]
[Site "Copenhagen"]
[Date "2002.02.09"]
[Round "1"]
[White "Ward, Chris"]
[Black "Mortensen, Erling"]
[Result "1-0"]
[WhiteElo "2486"]
[BlackElo "2441"]
[PlyCount "81"]
[EventDate "2002.02.??"]
[EventType "tourn"]
[EventRounds "9"]
[EventCountry "DEN"]
[SourceDate "2002.02.09"]

1. d4 d6 2. e4 Nf6 3. f3 d5 4. e5 Ng8 5. c4 Nc6 6. Be3 e6 7. cxd5 exd5 8. Nc3
Bb4 9. Bd3 Nge7 10. Nge2 Ba5 11. O-O Bb6 12. Bf2 Bf5 13. Bb5 O-O 14. g4 Be6 15.
Nf4 Qd7 16. Nh5 Kh8 17. Na4 Ng8 18. Nxb6 axb6 19. Bh4 f5 20. exf6 Nxf6 21. Nxf6
gxf6 22. Qd2 Qg7 23. Bxc6 bxc6 24. Kh1 Rae8 25. b4 Bc8 26. Rae1 Ba6 27. Rxe8
Rxe8 28. Re1 Rxe1+ 29. Qxe1 Qf7 30. Qe3 Kg7 31. a4 h6 32. Kg2 f5 33. Qe5+ Kg6
34. gxf5+ Qxf5 35. Qe8+ Qf7 36. Qxc6+ Kg7 37. b5 Bc8 38. Bg3 Bf5 39. Qxc7 Qxc7
40. Bxc7 Bc2 41. a5 1-0

[Event "KSU 75th anniversary tournament"]
[Site "Copenhagen"]
[Date "2002.02.09"]
[Round "1"]
[White "de Firmian, Nick"]
[Black "Schandorff, Lars"]
[Result "1/2-1/2"]
[WhiteElo "2536"]
[BlackElo "2545"]
[PlyCount "79"]
[EventDate "2002.02.??"]
[EventType "tourn"]
[EventRounds "9"]
[EventCountry "DEN"]
[SourceDate "2002.02.09"]

1. e4 c6 2. d4 d5 3. Nc3 dxe4 4. Nxe4 Nd7 5. Bc4 Ngf6 6. Ng5 e6 7. Qe2 Nb6 8.
Bd3 h6 9. N5f3 c5 10. dxc5 Bxc5 11. Ne5 Nbd7 12. Ngf3 Qc7 13. O-O O-O 14. Bf4
Bd6 15. Rad1 Nh5 16. Bh7+ Kxh7 17. Qd3+ Kg8 18. Qxd6 Qxd6 19. Rxd6 Nxf4 20.
Nxd7 Bxd7 21. Rxd7 b5 22. Rfd1 Nd5 23. Ne5 a6 24. Nc6 Rfc8 25. Rd6 Rc7 26. c3
a5 27. g3 Kh7 28. Ne5 g5 29. a3 Kg7 30. Rd4 Kf8 31. Nd7+ Ke8 32. Nb6 Nxb6 33.
Rxb6 Rc5 34. Rb7 Rac8 35. Rdd7 Rf5 36. Rd6 Kf8 37. h3 h5 38. Kg2 Rcc5 39. Ra7
b4 40. axb4 1/2-1/2

[Event "KSU 75th anniversary tournament"]
[Site "Copenhagen"]
[Date "2002.02.10"]
[Round "2"]
[White "Hoi, Carsten"]
[Black "Ward, Chris"]
[Result "1/2-1/2"]
[WhiteElo "2409"]
[BlackElo "2486"]
[PlyCount "55"]
[EventDate "2002.02.??"]
[EventType "tourn"]
[EventRounds "9"]
[EventCountry "DEN"]
[SourceDate "2002.02.09"]

1. d4 Nf6 2. Nf3 e6 3. e3 c5 4. Bd3 b6 5. O-O Bb7 6. c4 d6 7. Nc3 Nbd7 8. b3
Be7 9. Bb2 cxd4 10. exd4 d5 11. Qe2 O-O 12. Rad1 Qc7 13. Ne5 dxc4 14. bxc4 Nxe5
15. dxe5 Qc6 16. f4 Nd7 17. Be4 Qc8 18. f5 Bxe4 19. Nxe4 exf5 20. Nd6 $11 Bxd6
21. exd6 Re8 22. Qd3 Qc5+ 23. Bd4 Qxd6 24. Qxf5 Qe6 25. Bxg7 Qxf5 26. Rxf5 Kxg7
27. Rxd7 Rf8 28. c5 1/2-1/2

[Event "KSU 75th anniversary tournament"]
[Site "Copenhagen"]
[Date "2002.02.10"]
[Round "2"]
[White "Sahl, Bjarke"]
[Black "Hector, Jonny"]
[Result "1/2-1/2"]
[WhiteElo "2406"]
[BlackElo "2507"]
[PlyCount "139"]
[EventDate "2002.02.??"]
[EventType "tourn"]
[EventRounds "9"]
[EventCountry "DEN"]
[SourceDate "2002.02.09"]

1. c4 Nf6 2. Nc3 e5 3. Nf3 Nc6 4. e3 Bb4 5. Qc2 O-O 6. Nd5 Be7 7. a3 d6 8. Be2
Re8 9. Nxe7+ Rxe7 10. e4 Bg4 11. d3 Nd7 12. Be3 a5 13. Nh4 Be6 14. O-O Re8 15.
g3 Nc5 16. f3 a4 17. Rae1 Nb3 18. Bd1 Qd7 19. Qf2 Bh3 20. Bxb3 axb3 21. Ng2 f5
22. Qd2 Rf8 23. Rf2 Rf7 24. exf5 Bxf5 25. d4 Raf8 26. f4 exd4 27. Bxd4 Re7 28.
Bc3 Rxe1+ 29. Qxe1 Bd3 30. Ne3 Qf7 31. f5 Bxc4 32. f6 Be6 33. Ng2 Ne5 34. Bxe5
dxe5 35. Qxe5 gxf6 36. Qc3 b6 37. Nf4 Bc8 38. Rf3 Bb7 39. Re3 Qd7 40. Qxb3+ Kh8
41. Qc3 c5 42. Re6 Qd8 43. Kf2 Bc8 44. b4 cxb4 45. Qxb4 b5 46. Rd6 Qc7 47. Rc6
Qf7 48. Rc2 Bf5 49. Rd2 $11 Kg8 50. Qd4 Kh8 51. Qc5 Bg4 52. h3 Rc8 53. Qd4 Be6
54. Qb6 Bf5 55. g4 Bg6 56. Rd8+ Rxd8 57. Qxd8+ Kg7 58. Qd6 Qa2+ 59. Kg3 Bf7 60.
g5 Qb3+ 61. Kg4 fxg5 62. Qe5+ Kf8 63. Qd6+ Ke8 64. Qc6+ Ke7 65. Qc7+ Ke8 66.
Qe5+ Kd7 67. Kxg5 Qxa3 $11 68. Qxb5+ Ke7 69. Qe5+ Kf8 70. Qh8+ 1/2-1/2

[Event "KSU 75th anniversary tournament"]
[Site "Copenhagen"]
[Date "2002.02.10"]
[Round "2"]
[White "Mortensen, Erling"]
[Black "Gausel, Einar"]
[Result "0-1"]
[WhiteElo "2441"]
[BlackElo "2520"]
[PlyCount "156"]
[EventDate "2002.02.??"]
[EventType "tourn"]
[EventRounds "9"]
[EventCountry "DEN"]
[SourceDate "2002.02.09"]

1. e4 e6 2. d3 d5 3. Nd2 Nf6 4. Ngf3 b6 5. g3 dxe4 6. dxe4 Bc5 7. Bb5+ c6 8.
Bd3 e5 9. Qe2 Qe7 10. Nc4 Ng4 11. O-O O-O 12. Bd2 b5 13. Na5 a6 14. a4 Re8 15.
Kg2 Ra7 16. Nb3 Bb6 17. h3 Nf6 18. Be3 Bxe3 19. Qxe3 Rc7 20. Nfd2 Nbd7 21. Rfc1
Nf8 22. Bf1 Ne6 23. c3 Nd7 24. Rd1 Ndc5 25. axb5 Nxb3 26. Nxb3 cxb5 27. f3 h5
28. h4 g5 29. hxg5 Nxg5 30. Kh2 Rc6 31. Bg2 Rg6 32. Nc1 Qf6 33. Ne2 h4 34. g4
Qb6 35. Qxb6 Rxb6 36. Ng1 Be6 37. Nh3 f6 38. Nxg5 fxg5 39. Bf1 Kf7 40. Kg1 Ke7
41. Kf2 Bb3 42. Rd2 Rd8 43. Rxd8 Kxd8 44. Ra3 Be6 45. b4 Rc6 46. Ke3 Kc7 47.
Kd2 Kb6 48. Ra1 Rc7 49. Kc2 Rd7 50. Re1 Bc4 51. Ra1 Rf7 52. Bxc4 bxc4 53. Rf1
Rd7 54. Rf2 Rh7 55. Rd2 Kc6 56. Rh2 Rf7 57. Rf2 Rd7 58. Rf1 Rd3 59. Rf2 Kb5 60.
Rf1 a5 61. bxa5 Kxa5 62. Ra1+ Kb5 63. Rb1+ Kc6 64. Rf1 Rd7 65. Ra1 Rh7 66. Kd2
h3 67. Rh1 h2 68. Ke3 Kb5 69. Kd2 Ra7 70. Ke3 Ra2 71. f4 exf4+ 72. Kf3 Kc5 73.
e5 Kd5 74. Re1 Ke6 75. Rh1 Rc2 76. Ke4 Re2+ 77. Kd4 f3 78. Kxc4 f2 0-1

[Event "KSU 75th anniversary tournament"]
[Site "Copenhagen"]
[Date "2002.02.10"]
[Round "2"]
[White "de Firmian, Nick"]
[Black "Jakobsen, Ole"]
[Result "1-0"]
[WhiteElo "2536"]
[BlackElo "2405"]
[PlyCount "109"]
[EventDate "2002.02.??"]
[EventType "tourn"]
[EventRounds "9"]
[EventCountry "DEN"]
[SourceDate "2002.02.09"]

1. e4 e6 2. d4 d5 3. Nc3 Nf6 4. Bg5 dxe4 5. Nxe4 Be7 6. Bxf6 Bxf6 7. Nf3 O-O 8.
Qd2 Nd7 9. O-O-O b6 10. Bc4 Bb7 11. d5 e5 12. Kb1 a6 13. Rhe1 b5 14. Bb3 a5 15.
a3 Be7 16. d6 cxd6 17. Nxd6 Bxf3 18. gxf3 Nc5 19. Nxb5 Qb6 20. Qe2 Nxb3 21.
cxb3 Rab8 22. Rd5 Bc5 23. Qxe5 Qxb5 24. Rxc5 Qxb3 25. Rxa5 g6 26. Re3 Qd1+ 27.
Ka2 Qd2 28. Rb5 Rbc8 29. h4 h5 30. Re2 Qc1 31. Rb4 Qh1 32. Re1 Qxf3 33. Qe3 Qf5
34. Qd4 Qf3 35. Rb3 Qa8 36. Re7 Rcd8 37. Qe5 Rd5 38. Qe4 Rf5 39. f3 Qa6 40. Re5
Rf6 41. Re8 Rxe8 42. Qxe8+ Kg7 43. Qe4 Qd6 44. Rd3 Qg3 45. Qd4 Qf4 46. a4 Kh7
47. Qxf4 Rxf4 48. a5 Rxh4 49. a6 Rc4 50. a7 Rc8 51. b4 Ra8 52. Rd7 h4 53. b5 h3
54. b6 h2 55. Rd1 1-0

[Event "KSU 75th anniversary tournament"]
[Site "Copenhagen"]
[Date "2002.02.11"]
[Round "3"]
[White "Brinck Claussen, Bjorn"]
[Black "Mortensen, Erling"]
[Result "1-0"]
[WhiteElo "2359"]
[BlackElo "2441"]
[PlyCount "67"]
[EventDate "2002.02.??"]
[EventType "tourn"]
[EventRounds "9"]
[EventCountry "DEN"]
[SourceDate "2002.02.09"]

1. e4 g6 2. d4 Bg7 3. Nc3 c6 4. Bc4 d6 5. Qf3 e6 6. Nge2 b5 7. Bb3 a5 8. a4 b4
9. Nd1 Na6 10. Ne3 Nf6 11. Nc4 d5 12. exd5 cxd5 13. Ne5 Qc7 14. Bf4 Qb7 15. Qe3
h5 16. h4 Nb8 17. f3 Nc6 18. O-O-O Kf8 19. Kb1 Nd7 20. Nxd7+ Qxd7 21. g4 Ba6
22. Ng3 Rc8 23. gxh5 gxh5 24. Rhg1 Rh7 25. Be5 Nxe5 26. dxe5 Qe7 27. f4 Qxh4
28. Rh1 Qg4 29. Rdg1 h4 30. Qb6 Bc4 31. Qd6+ Ke8 32. Ne4 Bxb3 33. Nf6+ Bxf6 34.
exf6 1-0

[Event "KSU 75th anniversary tournament"]
[Site "Copenhagen"]
[Date "2002.02.11"]
[Round "3"]
[White "Gausel, Einar"]
[Black "Hoi, Carsten"]
[Result "0-1"]
[WhiteElo "2520"]
[BlackElo "2409"]
[PlyCount "154"]
[EventDate "2002.02.??"]
[EventType "tourn"]
[EventRounds "9"]
[EventCountry "DEN"]
[SourceDate "2002.02.09"]

1. d4 Nf6 2. Nf3 d5 3. c4 dxc4 4. e3 Bg4 5. Bxc4 e6 6. Nc3 Nbd7 7. h3 Bh5 8. g4
Bg6 9. Nh4 c6 10. Bf1 Be4 11. f3 Nd5 12. Ng2 Bg6 13. e4 Nxc3 14. bxc3 Bd6 15.
e5 Be7 16. Nf4 Qa5 17. Nxg6 hxg6 18. Qb3 Rd8 19. f4 g5 20. Be2 c5 21. Kf2 gxf4
22. Bxf4 Nb6 23. Qb5+ Qxb5 24. Bxb5+ Kf8 25. dxc5 Nd5 26. Kf3 Nxc3 27. Bc4 Rd4
28. Bf1 Nd5 29. Bg3 Bxc5 30. Rc1 b6 31. Bc4 g5 32. Be2 Ra4 33. Bc4 Ra3+ 34. Bb3
a5 35. Rxc5 bxc5 36. Bf2 Kg7 37. Bxc5 Nb4 38. Be7 Rb8 39. Ke4 a4 40. h4 axb3
41. axb3 Raa8 42. Bf6+ Kf8 43. hxg5 Ke8 44. Rh8+ Kd7 45. Rh7 Kc6 46. g6 fxg6
47. Kf4 Nd5+ 48. Kg5 Rg8 49. Rh1 Rab8 50. Rc1+ Kd7 51. Kh6 g5 52. Kh7 Nxf6+ 53.
exf6 Rh8+ 54. Kg7 Rbg8+ 55. Kf7 Rf8+ 56. Kg7 Rhg8+ 57. Kh7 e5 58. f7 Rh8+ 59.
Kg7 Rb8 60. Rf1 Rhf8 61. Rf5 Ke6 62. Rf6+ Kd5 63. Rf5 Kd4 64. Rxg5 e4 65. Rh5
e3 66. g5 e2 67. Rh1 Ke3 68. g6 Rfd8 69. Re1 Kf2 70. Rxe2+ Kxe2 71. Kf6 Rd6+
72. Kg5 Kf3 73. b4 Rb5+ 74. Kh6 Rf5 75. b5 Ke4 76. Kh7 Kd5 77. Kg7 Kc5 0-1

[Event "KSU 75th anniversary tournament"]
[Site "Copenhagen"]
[Date "2002.02.11"]
[Round "3"]
[White "Jakobsen, Ole"]
[Black "Schandorff, Lars"]
[Result "1/2-1/2"]
[WhiteElo "2405"]
[BlackElo "2545"]
[PlyCount "47"]
[EventDate "2002.02.??"]
[EventType "tourn"]
[EventRounds "9"]
[EventCountry "DEN"]
[SourceDate "2002.02.09"]

1. d4 Nf6 2. c4 e6 3. Nf3 b6 4. g3 Ba6 5. Qa4 Bb7 6. Bg2 c5 7. dxc5 bxc5 8. O-O
Be7 9. Nc3 O-O 10. Rd1 Qb6 11. Bf4 d6 12. Qb3 Rd8 13. Rd2 Ne8 14. Qxb6 axb6 15.
Rad1 Nc6 16. h4 h6 17. g4 Rab8 18. Bg3 Na7 19. Ne1 b5 20. cxb5 Bxg2 21. Kxg2
Nxb5 22. e4 Nd4 23. b3 Bf6 24. Ne2 $11 1/2-1/2

[Event "KSU 75th anniversary tournament"]
[Site "Copenhagen"]
[Date "2002.02.11"]
[Round "3"]
[White "Ward, Chris"]
[Black "Sahl, Bjarke"]
[Result "1/2-1/2"]
[WhiteElo "2486"]
[BlackElo "2406"]
[PlyCount "41"]
[EventDate "2002.02.??"]
[EventType "tourn"]
[EventRounds "9"]
[EventCountry "DEN"]
[SourceDate "2002.02.09"]

1. d4 d5 2. c4 c6 3. Nc3 Nf6 4. e3 g6 5. Nf3 Bg7 6. Be2 O-O 7. O-O Ne4 8. Qb3
dxc4 9. Bxc4 Nd6 10. Be2 Bg4 11. Rd1 Qb6 12. Qc2 Nd7 13. b3 Rfc8 14. Na4 Qd8
15. Bb2 c5 16. dxc5 Bf5 17. Qd2 Bxb2 18. Qxb2 Nxc5 19. Nc3 Nce4 20. Nxe4 Bxe4
21. Rac1 $11 1/2-1/2

[Event "KSU 75th anniversary tournament"]
[Site "Copenhagen"]
[Date "2002.02.12"]
[Round "4"]
[White "Hoi, Carsten"]
[Black "Brinck Claussen, Bjorn"]
[Result "1/2-1/2"]
[WhiteElo "2409"]
[BlackElo "2359"]
[PlyCount "43"]
[EventDate "2002.02.??"]
[EventType "tourn"]
[EventRounds "9"]
[EventCountry "DEN"]
[SourceDate "2002.02.09"]

1. d4 d5 2. Nf3 Nf6 3. e3 Bf5 4. Bd3 Bxd3 5. Qxd3 c6 6. O-O e6 7. Nbd2 Nbd7 8.
b3 Be7 9. Bb2 O-O 10. c4 c5 11. Rfd1 cxd4 12. Qxd4 Nc5 13. Rac1 dxc4 14. Nxc4
Qxd4 15. Bxd4 Rfc8 16. Bxf6 gxf6 17. Nd4 Rd8 18. Kf1 Rd7 19. Ke2 Rad8 20. f3
Kf8 21. Nb2 f5 22. Nb5 1/2-1/2

[Event "KSU 75th anniversary tournament"]
[Site "Copenhagen"]
[Date "2002.02.12"]
[Round "4"]
[White "Jakobsen, Ole"]
[Black "Hector, Jonny"]
[Result "1/2-1/2"]
[WhiteElo "2405"]
[BlackElo "2507"]
[PlyCount "96"]
[EventDate "2002.02.??"]
[EventType "tourn"]
[EventRounds "9"]
[EventCountry "DEN"]
[SourceDate "2002.02.09"]

1. d4 d5 2. c4 c6 3. Nf3 Nf6 4. e3 Bf5 5. Nc3 e6 6. Nh4 Be4 7. f3 Bg6 8. Qb3
Qb6 9. Nxg6 hxg6 10. Bd2 Nbd7 11. O-O-O Be7 12. Kb1 Qxb3 13. axb3 Bd6 14. h3
Nh5 15. Bd3 O-O-O 16. cxd5 exd5 17. e4 dxe4 18. fxe4 f6 19. Ne2 Ng3 20. Nxg3
Bxg3 21. Be1 Bc7 22. Bf2 g5 23. b4 a6 24. d5 Ne5 25. Be2 cxd5 26. exd5 Kd7 27.
b5 $11 axb5 28. Bxb5+ Ke7 29. Bg3 Bd6 30. Rhe1 Ra8 31. Bxe5 fxe5 32. Be2 Bc5
33. Bf3 Kd6 34. Re4 Rh4 35. Rde1 Bd4 36. Rc1 Rf4 37. Rxf4 gxf4 38. Rc4 Bc5 39.
b3 b5 40. Rc2 Ra3 41. Kb2 b4 42. Rc4 g6 43. Be4 Bd4+ 44. Kc2 Ra2+ 45. Kd3 Bc5
46. Rc2 Ra1 47. Bxg6 Re1 48. Re2 Rxe2 1/2-1/2

[Event "KSU 75th anniversary tournament"]
[Site "Copenhagen"]
[Date "2002.02.12"]
[Round "4"]
[White "Sahl, Bjarke"]
[Black "Gausel, Einar"]
[Result "0-1"]
[WhiteElo "2406"]
[BlackElo "2520"]
[PlyCount "77"]
[EventDate "2002.02.??"]
[EventType "tourn"]
[EventRounds "9"]
[EventCountry "DEN"]
[SourceDate "2002.02.09"]

1. e4 Nf6 2. e5 Nd5 3. d4 d6 4. Nf3 dxe5 5. Nxe5 g6 6. c4 Nf6 7. Nc3 Bg7 8. Be3
O-O 9. Be2 c6 10. h3 Nbd7 11. f4 Ne8 12. Nf3 b6 13. O-O Bb7 14. Qc2 c5 15. Rad1
Nd6 16. d5 Qc7 17. Bd3 Nf6 18. f5 b5 19. fxg6 hxg6 20. Bf4 bxc4 21. Bxc4 Qc8
22. Bxd6 exd6 23. Ng5 Qd8 24. h4 Qd7 25. Ne6 fxe6 26. Qxg6 exd5 27. Nxd5 Nxd5
28. Rxd5 Rxf1+ 29. Kxf1 Qf7+ 30. Qxf7+ Kxf7 31. Rf5+ Ke8 32. Rf7 Ba6 33. Rxg7
Bxc4+ 34. Kf2 Bxa2 35. h5 Rb8 36. h6 Rxb2+ 37. Ke1 Bb1 38. g4 Rh2 39. g5 0-1

[Event "KSU 75th anniversary tournament"]
[Site "Copenhagen"]
[Date "2002.02.12"]
[Round "4"]
[White "Schandorff, Lars"]
[Black "Mortensen, Erling"]
[Result "1/2-1/2"]
[WhiteElo "2545"]
[BlackElo "2441"]
[PlyCount "113"]
[EventDate "2002.02.??"]
[EventType "tourn"]
[EventRounds "9"]
[EventCountry "DEN"]
[SourceDate "2002.02.09"]

1. d4 d6 2. Nf3 Nf6 3. c4 g6 4. Nc3 Bg7 5. e4 O-O 6. Be2 Nbd7 7. O-O e5 8. Be3
Qe7 9. Qc2 exd4 10. Nxd4 Nc5 11. f3 c6 12. Rad1 Nh5 13. Qd2 Re8 14. Nb3 Nxb3
15. axb3 Be5 16. f4 Bxc3 17. Qxc3 Qxe4 18. Bc1 Qf5 19. Bxh5 Qxh5 20. Rxd6 Qc5+
21. Rd4 Bf5 22. Be3 Qe7 23. Bf2 Qf6 24. Re1 Rxe1+ 25. Qxe1 Qe6 26. Qd2 Qe7 27.
h3 Re8 28. Rd6 h5 29. Bxa7 Qe1+ 30. Qxe1 Rxe1+ 31. Kf2 Re8 32. Bd4 Kf8 33. Be5
Ke7 34. c5 Be6 35. b4 f6 36. Bc3 Rf8 37. b5 cxb5 38. Rb6 Bd5 39. Rxb5 Ke6 40.
Rb4 g5 41. Rd4 Bc6 42. g4 hxg4 43. hxg4 gxf4 44. Rxf4 Rf7 45. Ke3 Bb5 46. Rf5
Ba6 47. Rh5 Rg7 48. Kf3 Rg6 49. Rh7 f5 50. gxf5+ Kxf5 51. Re7 Re6 52. Rf7+ Kg6
53. Rf4 Bb5 54. Bd4 Bc6+ 55. Kf2 Re4 56. Rxe4 Bxe4 57. Ke3 1/2-1/2

[Event "KSU 75th anniversary tournament"]
[Site "Copenhagen"]
[Date "2002.02.12"]
[Round "4"]
[White "de Firmian, Nick"]
[Black "Ward, Chris"]
[Result "1/2-1/2"]
[WhiteElo "2536"]
[BlackElo "2486"]
[PlyCount "41"]
[EventDate "2002.02.??"]
[EventType "tourn"]
[EventRounds "9"]
[EventCountry "DEN"]
[SourceDate "2002.02.09"]

1. e4 e6 2. d4 d5 3. Nc3 Bb4 4. e5 c5 5. a3 Bxc3+ 6. bxc3 Qa5 7. Bd2 Qa4 8. Rb1
c4 9. Qc1 Nc6 10. Nf3 f6 11. g3 fxe5 12. dxe5 Nge7 13. Bg2 O-O 14. O-O Ng6 15.
Re1 Rf5 16. g4 Rxf3 17. Bxf3 Ncxe5 18. Bg2 Nxg4 19. Qd1 Nf6 20. Bg5 Qc6 21. Qd4
1/2-1/2

[Event "KSU 75th anniversary tournament"]
[Site "Copenhagen"]
[Date "2002.02.13"]
[Round "5"]
[White "Gausel, Einar"]
[Black "de Firmian, Nick"]
[Result "1-0"]
[WhiteElo "2520"]
[BlackElo "2536"]
[PlyCount "115"]
[EventDate "2002.02.??"]
[EventType "tourn"]
[EventRounds "9"]
[EventCountry "DEN"]
[SourceDate "2002.02.09"]

1. d4 Nf6 2. Nf3 e6 3. c4 c5 4. e3 d5 5. Nc3 Nc6 6. a3 cxd4 7. exd4 Be7 8. Bd3
dxc4 9. Bxc4 O-O 10. O-O b6 11. Qd3 Bb7 12. Rd1 Rc8 13. Ba2 Re8 14. Bf4 Bf8 15.
d5 exd5 16. Nxd5 h6 17. Qf5 Nxd5 18. Rxd5 Qf6 19. Qxf6 gxf6 20. Rd7 Re7 21.
Rad1 Rce8 22. h3 Bc8 23. Rxe7 Nxe7 24. Re1 Bd7 25. Nh4 f5 26. Bd6 Kg7 27. Re3
f4 28. Bxf4 Ng6 29. Rxe8 Bxe8 30. Nxg6 fxg6 31. Be5+ Kh7 32. f4 Bc5+ 33. Kh2
Bc6 34. g4 Be4 35. Kg3 a5 36. Bf7 Bc6 37. h4 b5 38. Bc3 b4 39. axb4 axb4 40.
Be5 Be3 41. h5 gxh5 42. gxh5 Be4 43. Kg4 Bc2 44. f5 Bd1+ 45. Kg3 b3 46. Bg6+
Kg8 47. f6 Bc5 48. Bf4 Be2 49. Bxh6 Bc4 50. Bg7 Bf7 51. Bxf7+ Kxf7 52. h6 Kg6
53. Kf3 Bb4 54. Ke2 Bc3 55. f7 Bxg7 56. hxg7 Kxg7 57. Kd3 Kxf7 58. Kc3 1-0

[Event "KSU 75th anniversary tournament"]
[Site "Copenhagen"]
[Date "2002.02.13"]
[Round "5"]
[White "Hector, Jonny"]
[Black "Schandorff, Lars"]
[Result "1/2-1/2"]
[WhiteElo "2507"]
[BlackElo "2545"]
[PlyCount "325"]
[EventDate "2002.02.??"]
[EventType "tourn"]
[EventRounds "9"]
[EventCountry "DEN"]
[SourceDate "2002.02.09"]

1. e4 c6 2. Nc3 d5 3. d4 dxe4 4. Nxe4 Nd7 5. Ng5 Ngf6 6. Bc4 e6 7. Qe2 Nb6 8.
Bb3 h6 9. N5f3 a5 10. a4 c5 11. Bf4 Bd7 12. Ne5 Nbd5 13. Bg3 cxd4 14. Ngf3 Bb4+
15. Kf1 O-O 16. Rd1 Qb6 17. Nxd7 Nxd7 18. Nxd4 N7f6 19. Nb5 Ne7 20. Rd3 Qc6 21.
Be5 Rfd8 22. Nd4 Qe4 23. Re3 Qg4 24. f3 Qh4 25. c3 Bc5 26. Rd3 Ng6 27. Bg3 Qg5
28. Rd1 Nd5 29. Re1 h5 30. Qe4 Ngf4 31. Bxd5 Nxd5 32. Bh4 Qd2 33. Bxd8 Rxd8 34.
Qe2 Qg5 35. g3 Bxd4 36. cxd4 Rc8 37. Qe5 Qd2 38. Re2 Qd1+ 39. Kg2 Qxa4 40. Qxh5
Qxd4 41. Rhe1 g6 42. Qe5 Qxe5 43. Rxe5 Kg7 44. R5e2 b6 45. Ra1 Rc4 46. Kf1 Kf6
47. Ke1 Rc8 48. Ra3 Rc1+ 49. Kf2 Rh1 50. Kg2 Rc1 51. f4 Rc4 52. Kf3 Kg7 53. Rd3
Kf6 54. Rdd2 Rb4 55. Rc2 Rb3+ 56. Kf2 a4 57. Rc8 a3 58. bxa3 Rxa3 59. Rb2 Ra7
60. Kf3 Ra3+ 61. Kg4 Kg7 62. Rb8 Ra7 63. Kh3 Ra3 64. Kh4 Ra7 65. Rc2 Kf6 66.
Kh3 Kg7 67. Rcc8 Ra3 68. Rg8+ Kf6 69. Rb7 Nxf4+ 70. Kg4 Nd3 71. Kh3 Rb3 72.
Rgb8 Ne5 73. Rxb6 Re3 74. Rb3 Re2 75. Rb2 Re4 76. R8b4 Re1 77. Rb1 Re2 78. R4b2
Re3 79. Kg2 Rc3 80. h3 Rd3 81. Re2 Rd5 82. h4 Rc5 83. Kh3 Rd5 84. Rb3 Kg7 85.
Rbe3 Nc4 86. Rc3 Ne5 87. Re4 f5 88. Re2 Kf6 89. Rce3 Ra5 90. Kg2 Rb5 91. Ra3
Rc5 92. Ra6 Nc6 93. Kf2 Rc3 94. Ra8 Ne5 95. Ra5 Ng4+ 96. Kg2 Rc6 97. Rea2 Rc3
98. R5a3 Rc4 99. Ra6 Ne5 100. Ra7 Rc6 101. Rh7 Rb6 102. Rc7 Ng4 103. Rc8 Ne3+
104. Kh3 Rb1 105. Rf8+ Ke7 106. Rfa8 Rh1+ 107. Rh2 Re1 108. Raa2 Rc1 109. Rae2
Rc3 110. Rh1 Nd5 111. Kh2 Nf6 112. Rhe1 Ng4+ 113. Kg2 Rc6 114. Ra1 Kf6 115. Ra8
Rb6 116. Rea2 Rc6 117. Rg8 Rc7 118. Rf8+ Kg7 119. Rd8 Kf6 120. Rad2 Ne5 121.
Rf8+ Kg7 122. Ra8 Kf6 123. Ra6 Rb7 124. Rdd6 Re7 125. Kf2 Nc4 126. Rd4 Ne5 127.
Ke2 Rb7 128. Rdd6 Re7 129. Rd8 Ng4 130. Rf8+ Ke5 131. Ra5+ Kd6 132. Rd8+ Kc6
133. Rda8 Nf6 134. R8a6+ Kd7 135. Ra7+ Ke8 136. Rxe7+ Kxe7 137. Ra7+ Kf8 138.
Kf3 e5 139. Ke3 Kg8 140. Kd3 Ne4 141. Ra5 Kg7 142. Rxe5 Nxg3 143. Ke3 Kh6 144.
Kf4 Nh5+ 145. Kf3 Kg7 146. Ra5 Kf7 147. Ke3 Kg7 148. Kd4 Nf4 149. Ke5 Ng2 150.
h5 Kh6 151. hxg6 Kxg6 152. Ra1 Ne3 153. Rg1+ Ng4+ 154. Kf4 Kf6 155. Ra1 Ke6
156. Ra5 Nf6 157. Ra6+ Ke7 158. Kxf5 Nd7 159. Rh6 Nf8 160. Ke4 Nd7 161. Kd5
Nf6+ 162. Kc6 Ke6 163. Rxf6+ 1/2-1/2

[Event "KSU 75th anniversary tournament"]
[Site "Copenhagen"]
[Date "2002.02.13"]
[Round "5"]
[White "Mortensen, Erling"]
[Black "Hoi, Carsten"]
[Result "1-0"]
[WhiteElo "2441"]
[BlackElo "2409"]
[PlyCount "81"]
[EventDate "2002.02.??"]
[EventType "tourn"]
[EventRounds "9"]
[EventCountry "DEN"]
[SourceDate "2002.02.09"]

1. e4 g6 2. d4 Bg7 3. Nc3 c6 4. Be3 d5 5. e5 Nh6 6. Qd2 Nf5 7. Bf4 h5 8. Nf3
Nd7 9. e6 fxe6 10. Bd3 O-O 11. O-O e5 12. Nxe5 Nxe5 13. Bxe5 Bxe5 14. dxe5 Kg7
15. Ne2 c5 16. Rad1 e6 17. Rfe1 b6 18. Bxf5 Rxf5 19. Ng3 Rf8 20. Ne4 Bb7 21.
Nf6 Rxf6 22. exf6+ Qxf6 23. Qe3 Re8 24. Qe5 Qxe5 25. Rxe5 Kf6 26. Rde1 d4 27.
b3 Re7 28. h4 Bd5 29. f3 Rc7 30. c4 dxc3 31. R5e3 b5 32. Rxc3 b4 33. Rc2 Ke7
34. Rec1 Kd6 35. Kf2 a5 36. Ke3 a4 37. bxa4 c4 38. Rb1 Kc5 39. a3 bxa3 40. Ra2
c3 41. Rxa3 1-0

[Event "KSU 75th anniversary tournament"]
[Site "Copenhagen"]
[Date "2002.02.13"]
[Round "5"]
[White "Ward, Chris"]
[Black "Jakobsen, Ole"]
[Result "1/2-1/2"]
[WhiteElo "2486"]
[BlackElo "2405"]
[PlyCount "52"]
[EventDate "2002.02.??"]
[EventType "tourn"]
[EventRounds "9"]
[EventCountry "DEN"]
[SourceDate "2002.02.09"]

1. d4 d5 2. c4 e6 3. Nc3 c5 4. cxd5 exd5 5. Nf3 Nc6 6. g3 Nf6 7. Bg2 Be7 8. O-O
O-O 9. Bg5 cxd4 10. Nxd4 h6 11. Be3 Re8 12. Rc1 Bf8 13. Nxc6 bxc6 14. Na4 Bd7
15. Bc5 Ne4 16. Bxf8 Kxf8 17. Bxe4 Rxe4 18. Nc5 Re7 19. Re1 Kg8 20. Qa4 Be8 21.
e4 a5 22. b3 Rb8 23. Qd4 dxe4 24. Qxd8 Rxd8 25. Nxe4 Kf8 26. g4 a4 1/2-1/2